{"text_format":"3","workbook":"xlsx","n_sheets":1,"sheets":["Протокол ШЭ ВОШ по предмету"],"not_rendered":{"defined_names":1},"read":"whole","date_system":"1900"}

{"sheet":"Протокол ШЭ ВОШ по предмету","index":0,"n_rows":33,"n_cols":24,"rows_kept":33}
["№","Фамилия","Имя","Отчество","Дата рождения","Пол","Участник с ОВЗ (да/нет)","Класс обучения","Класс участия","Балл","Максимальный балл","Статус","Призёр муниципального этапа прошлого года","ФИО учителя","Место работы учителя"]
[1,"Мухутдинов",null,null,"2005-07-07","М","нет",11,"10--11",25,65,"участник","нет","Друк Наталья Николаевна","Муниципальное бюджетное общеобразовательное учреждение \"СОШ № 5\"",{"$nulls":6},"г.Лениногорска",null,"Республики Татарстан"]
[2,"Сергеев",null,null,"2005-04-08","М","нет",11,"10--11",24,65,"участник","нет","Друк Наталья Николаевна","Муниципальное бюджетное общеобразовательное учреждение \"СОШ № 5\"",{"$nulls":6},"г.Лениногорска",null,"Республики Татарстан"]
[3,"Эзекова",null,null,"2006-06-24","Ж","нет",10,"10--11",20,65,"участник","нет","Друк Наталья Николаевна","Муниципальное бюджетное общеобразовательное учреждение \"СОШ № 5\"",{"$nulls":6},"г.Лениногорска",null,"Республики Татарстан"]
[4,"Акимова ",null,null,"2006-03-20","Ж","нет",10,"10--11",21,65,"участник","нет","Друк Наталья Николаевна","Муниципальное бюджетное общеобразовательное учреждение \"СОШ № 5\"",{"$nulls":6},"г.Лениногорска",null,"Республики Татарстан"]
[5,"Нуриева",null,null,"2007-07-19","Ж","нет",9,9,30,60,"призёр","нет","Друк Наталья Николаевна","Муниципальное бюджетное общеобразовательное учреждение \"СОШ № 5\"",{"$nulls":6},"г.Лениногорска",null,"Республики Татарстан"]
[6,"Тутерова ",null,null,"2007-03-14","Ж","нет",9,9,18,60,"участник","нет","Друк Наталья Николаевна","Муниципальное бюджетное общеобразовательное учреждение \"СОШ № 5\"",{"$nulls":6},"г.Лениногорска",null,"Республики Татарстан"]
[7,"Сагадеева",null,null,"2007-08-01","Ж","нет",9,9,21,60,"участник","нет","Друк Наталья Николаевна","Муниципальное бюджетное общеобразовательное учреждение \"СОШ № 5\"",{"$nulls":6},"г.Лениногорска",null,"Республики Татарстан"]
[8,"Сунюкова",null,null,"2007-10-10","Ж","нет",9,9,19,60,"участник","нет","Друк Наталья Николаевна","Муниципальное бюджетное общеобразовательное учреждение \"СОШ № 5\"",{"$nulls":6},"г.Лениногорска",null,"Республики Татарстан"]
[9,"Ильясова",null,null,"2008-10-01","Ж","нет",8,8,7,61,"участник","нет","Друк Наталья Николаевна","Муниципальное бюджетное общеобразовательное учреждение \"СОШ № 5\"",{"$nulls":6},"г.Лениногорска",null,"Республики Татарстан"]
[11,"Антипова",null,null,"2009-02-12","Ж","нет",8,8,10,61,"участник","нет","Друк Наталья Николаевна","Муниципальное бюджетное общеобразовательное учреждение \"СОШ № 5\"",{"$nulls":6},"г.Лениногорска",null,"Республики Татарстан"]
[12,"Анисахаров",null,null,"2009-01-28","М","нет",8,8,35,61,"призёр","нет","Друк Наталья Николаевна","Муниципальное бюджетное общеобразовательное учреждение \"СОШ № 5\"",{"$nulls":6},"г.Лениногорска",null,"Республики Татарстан"]
[13,"Архипов",null,null,"2009-04-15","М","нет",7,7,38,50,"победитель","нет","Друк Наталья Николаевна","Муниципальное бюджетное общеобразовательное учреждение \"СОШ № 5\"",{"$nulls":6},"г.Лениногорска",null,"Республики Татарстан"]
[14,"Хайбрахманова ",null,null,"2009-02-05","Ж","нет",7,7,12,50,"участник","нет","Друк Наталья Николаевна","Муниципальное бюджетное общеобразовательное учреждение \"СОШ № 5\"",{"$nulls":6},"г.Лениногорска",null,"Республики Татарстан"]
[15,"Решетова",null,null,"2005-01-30","Ж","нет",7,7,34,50,"призёр","нет","Друк Наталья Николаевна","Муниципальное бюджетное общеобразовательное учреждение \"СОШ № 5\"",{"$nulls":6},"г.Лениногорска",null,"Республики Татарстан"]
[16,"Гафиятуллина",null,null,"2009-12-15","Ж","нет",7,7,31,50,"призёр","нет","Друк Наталья Николаевна","Муниципальное бюджетное общеобразовательное учреждение \"СОШ № 5\"",{"$nulls":6},"г.Лениногорска",null,"Республики Татарстан"]
[17,"Куленков",null,null,"2009-03-05","М","нет",7,7,23,50,"участник","нет","Друк Наталья Николаевна","Муниципальное бюджетное общеобразовательное учреждение \"СОШ № 5\"",{"$nulls":6},"г.Лениногорска",null,"Республики Татарстан"]
[18,"Сахапова",null,null,"2009-10-16","Ж","нет",7,7,23,50,"участник","нет","Друк Наталья Николаевна","Муниципальное бюджетное общеобразовательное учреждение \"СОШ № 5\"",{"$nulls":6},"г.Лениногорска",null,"Республики Татарстан"]
[null,"Ялунина",null,null,"2009-03-28","Ж","нет",7,7,23,50,"участник","нет","Друк Наталья Николаевна","Муниципальное бюджетное общеобразовательное учреждение \"СОШ № 5\"",{"$nulls":6},"г.Лениногорска"]
[19,"Жакова",null,null,"2009-11-07","Ж","нет",7,7,24,50,"участник","нет","Друк Наталья Николаевна","Муниципальное бюджетное общеобразовательное учреждение \"СОШ № 5\"",{"$nulls":6},"г.Лениногорска",null,"Республики Татарстан"]
[20,"Ильиных",null,null,"2010-10-01","Ж","нет",6,6,29,55,"призёр","нет","Друк Наталья Николаевна","Муниципальное бюджетное общеобразовательное учреждение \"СОШ № 5\"",{"$nulls":6},"г.Лениногорска",null,"Республики Татарстан"]
[21,"Галиева",null,null,"2010-01-03","Ж","нет",6,6,24,55,"участник","нет","Друк Наталья Николаевна","Муниципальное бюджетное общеобразовательное учреждение \"СОШ № 5\"",{"$nulls":6},"г.Лениногорска",null,"Республики Татарстан"]
[22,"Аглиуллина",null,null,"2010-07-27","Ж","нет",6,6,24,55,"участник","нет","Друк Наталья Николаевна","Муниципальное бюджетное общеобразовательное учреждение \"СОШ № 5\"",{"$nulls":6},"г.Лениногорска",null,"Республики Татарстан"]
[23,"Матвеева",null,null,"2010-05-04","Ж","нет",6,6,24,55,"участник","нет","Друк Наталья Николаевна","Муниципальное бюджетное общеобразовательное учреждение \"СОШ № 5\"",{"$nulls":6},"г.Лениногорска",null,"Республики Татарстан"]
[24,"Шакирова",null,null,"2010-09-22","Ж","нет",6,6,28,55,"призёр","нет","Друк Наталья Николаевна","Муниципальное бюджетное общеобразовательное учреждение \"СОШ № 5\"",{"$nulls":6},"г.Лениногорска",null,"Республики Татарстан"]
[25,"Абдельрехим",null,null,"2010-09-26","М","нет",6,6,22,55,"участник","нет","Друк Наталья Николаевна","Муниципальное бюджетное общеобразовательное учреждение \"СОШ № 5\"",{"$nulls":6},"г.Лениногорска",null,"Республики Татарстан"]
[26,"Азизова",null,null,"2011-09-29","Ж","нет",5,5,7,25,"участник","нет","Друк Наталья Николаевна","Муниципальное бюджетное общеобразовательное учреждение \"СОШ № 5\"",{"$nulls":6},"г.Лениногорска",null,"Республики Татарстан"]
[27,"Зарубежнов",null,null,"2011-01-27","М","нет",5,5,20,25,"победитель","нет","Друк Наталья Николаевна","Муниципальное бюджетное общеобразовательное учреждение \"СОШ № 5\"",{"$nulls":6},"г.Лениногорска",null,"Республики Татарстан"]
[28,"Кондратьев",null,null,"2011-07-08","М","нет",5,5,16,25,"призёр","нет","Друк Наталья Николаевна","Муниципальное бюджетное общеобразовательное учреждение \"СОШ № 5\"",{"$nulls":6},"г.Лениногорска",null,"Республики Татарстан"]
[29,"Мельников",null,null,"2011-04-06","М","нет",5,5,6,25,"участник","нет","Друк Наталья Николаевна","Муниципальное бюджетное общеобразовательное учреждение \"СОШ № 5\"",{"$nulls":6},"г.Лениногорска",null,"Республики Татарстан"]
[30,"Ершов",null,null,"2011-06-22","М","нет",5,5,15,25,"призёр","нет","Друк Наталья Николаевна","Муниципальное бюджетное общеобразовательное учреждение \"СОШ № 5\"",{"$nulls":6},"г.Лениногорска",null,"Республики Татарстан"]
[31,"Валиева",null,null,"2011-04-22","Ж","нет",5,5,11,25,"участник","нет","Друк Наталья Николаевна","Муниципальное бюджетное общеобразовательное учреждение \"СОШ № 5\"",{"$nulls":6},"г.Лениногорска",null,"Республики Татарстан"]
[32,"Титов",null,null,"2011-07-26","М","нет",5,5,12,25,"участник","нет","Друк Наталья Николаевна","Муниципальное бюджетное общеобразовательное учреждение \"СОШ № 5\"",{"$nulls":6},"г.Лениногорска",null,"Республики Татарстан"]